00675nam a2200241 a 450000100080000000500110000800800410001910000190006024500570007926000320013630000140016849000700018252000210025265300140027365300120028765300280029965300190032765300190034670000180036570000150038370000190039870000160041711097672000-12-01 1996 bl uuuu u0uu1 u #d1 aMACIEL, C.A.T. aMicrobaciabRio Bom Retiro/ Cambuim (Agua Doce, SC). aFlorianopolis: Epagric1996 a61p.cil. a(Epagri. Inventario das Terras em Microbacias Hidrogradicas, 18). aMapas em encarte aAGUA DOCE aCAMBUIM aMICROBACIA HIDROGRAFICA aRIO BOM RETIRO aSANTA CATARINA1 aIACOVISKI, E.1 aSONEGO, M.1 aUBERTI, A.A.A.1 aLENZI, E.E.